000 01225cam a2200361 a 4500
001 13146723
003 OSt
005 20260617101331.0
008 030403s2003 ilu b 000 0 eng
010 _a 2003007833
020 _a1581344988
_qpbk. : alk. paper
020 _a9781581344981
_q(pbk. : alk. paper)
035 _a13146723
040 _aDLC
_cDLC
_dDLC
042 _apcc
050 0 0 _aBV4501.3
_b.P555 2003
082 0 0 _a248.4
_221
100 1 _aPiper, John,
_d1946-
245 1 0 _aDon't waste your life /
_cJohn Piper.
260 _aWheaton, Ill. :
_bCrossway Books,
_cc2003.
300 _a191 p. ;
_c22 cm.
336 _atext
_btxt
_2rdacontent
337 _aunmediated
_bn
_2rdamedia
338 _avolume
_bnc
_2rdacarrier
504 _aIncludes bibliographical references.
583 _aCataloguing:
_c20260617
_kgtanuigtanui
650 0 _aChristian life.
856 4 1 _3Table of contents
_uhttp://www.loc.gov/catdir/toc/ecip042/2003007833.html
906 _a7
_bcbc
_corignew
_d1
_eecip
_f20
_gy-gencatlg
942 _2lcc
_cBK
999 _c21704
_d21703